Quiz wiedzy ogólnej #28 - Statystyki

Ogólne statystyki
  • Ten quiz został rozwiązany 270 razy
  • Średni wynik to 12 z 20
Statystyki odpowiedzi
Pytanie Odpowiedź % Poprawnych
Jakiego warzywa boją się wampiry? Czosnek
97%
Uzupełnij lukę: Ważne są tylko te ___ których jeszcze nie znamy" Dni
95%
Pod jakie zwierzę w Shreku głos podkładał Jerzy Stuhr? Osioł
87%
Jak nazywa się jadalna część ziemniaka? Bulwa
79%
Żyły doprowadzają krew do serca. Jakie naczynia odprowadzają krew z serca? Tętnice
73%
Kto wynalazł dynamit? Alfred Nobel
72%
Co oznacza hiszpańskie słowo "playa"? Plaża
69%
Jakie zwierzę jest symbolem Bieszczadzkiego Parku Narodowego? (wskazówka: na trzy litery) Ryś
68%
Kto stworzył Pinokia? Dżepetto
67%
Jak nazywa się ojciec Thora w mitologii nordyckiej? Odyn
63%
Jakie włoskie miasto było rządzone przez dożę? Wenecja
58%
Jaka jest potoczna nazwa na halitozę? Cuchnący {oddech}
57%
Która kandydatka wycofała się na rzecz Rafała Trzaskowskiego w wyborach na prezydenta w 2020 roku? Małgorzata Kidawa-Błońska
51%
Jak nazywał się pierwszy elekcyjny król Polski? Henryk Walezy
50%
Co dawało Samsonowi jego siłę? Jego włosy
46%
Co jako pierwszy osiągnął Edmund Hillary? Wspiął się na Mount Everest
45%
Skąd pochodzi grupa etniczna Romów? Z Indii
44%
Jaką pozbawioną kreatywności nazwę nadano ruchowi artystycznemu następującego modernizm? Postmodernizm
37%
Co znajduje się na flagach, które ogłaszają koniec wyścigu samochodowego? Czarno-biała krata
36%
Jakie jest najmniejsze miasto Polski, w którym znajduje się urząd konsularny innego państwa? Sejny
14%
Nie znaleziono quizów pasujących do podanych kryteriów
Rozkład punktacji
Procent ludzi z każdym wynikiem
Percentyl według liczby udzielonych odpowiedzi
Twoja historia wyników
Nie rozwiązałeś tego quizu